| 000 | 00735nam a2200217 4500 | ||
|---|---|---|---|
| 008 | 020509s1992 cau engt | ||
| 020 | _a0790701596 | ||
| 090 | _a782.81.H24 | ||
| 100 | 1 | _aHarris, Richard | |
| 245 | 1 | 0 |
_aCamelot [videorecording] / _cstarring Richard Harris...[et al.]. |
| 260 |
_aCalifornia : _bWarner Home Video, _cc1967, c1992. |
||
| 300 |
_a2 videocassettes (180 mins.) : _bsd., col. |
||
| 500 | _aDolby surround stereo digitally processed. | ||
| 500 | _aVHS hi-fi [original]; Beta [1st copy] | ||
| 505 | 0 | _aParts I and II. | |
| 650 | 4 | _aFiction. | |
| 650 | 4 | _aLiterature. | |
| 650 | 4 | _aMoving pictures, Musical. | |
| 650 | 4 | _aMusical films. | |
| 951 |
_pV-1075 _o782.81.H24-3 _j070613111105531 _d2000-12-21 _cVT |
||
| 999 |
_c6744 _d6744 |
||